01126cam a2200265 a 450000100060000000300080000600500170001400800410003102000150007203500190008704000320010604100080013808200250014610000330017124500860020426000480029030000320033850400660037065000410043670000340047794200120051199900170052395201620054095201580070265900BD-RjUL20211209081459.0950613s1995 enka b 001 0 eng  a0471936405 a(BD-RjUL)66030 aDLCcDLCdDLCdBD-RjULbeng aeng00223a610.72bPAS 19951 aParmar, Mahesh K. B.919488310aSurvival analysis :ba practical approach /cMahesh K.B. Parmar and David Machin. aChichester ;aNew York :bJ. Wiley,cc1995. ax, 255 p. :bill. ;c25 cm. aIncludes bibliographical references (p. [233]-237) and index. 0aSurvival analysis (Biometry)91822571 aMachin, David,d1939-9194884 2ddccBK c65900d65900 00102ddc40718NFICaRUCLbRUCLcReadingd2000-05-14eDhaka, Paragon Enterprises Ltdg3118.00l0o610.72 PAS 1995r2017-03-13 00:00:00tC-1w2021-12-09yBK 00102ddc40708NFICaRUCLbRUCLcStackd2000-05-14eDhaka : Paragon Interpriseesg3118.00l0o610.72 PAS 1995r2018-11-11 00:00:00tC-2w2018-11-11yBK